200 Największych Miast Imperium Rosyjskiego - Statystyki

Ogólne statystyki
  • Ten quiz został rozwiązany 235 razy
  • Średni wynik to 52 z 200
Statystyki odpowiedzi
Hint Odpowiedź % Poprawnych
1 038 591 Moskwa
98%
1 264 920 Petersburg
96%
683 692 Warszawa
90%
247 723 Kijów
89%
90 912 Mińsk
86%
154 532 Wilno
82%
282 230 Ryga
79%
66 032 Białystok
75%
173 989 Charków
74%
50 385 Lublin
74%
46 919 Grodno
68%
403 815 Odessa
68%
46 699 Smoleńsk
67%
129 959 Kazań
66%
314 020 Łódź
66%
28 933 Władywostok
64%
111 904 Baku
63%
46 568 Brześć
63%
53 595 Sewastopol
63%
70 920 Kowno
61%
65 871 Witebsk
60%
23 178 Kielce
58%
37 376 Omsk
57%
45 205 Perm
55%
89 999 Samara
55%
36 775 Homel
54%
29 896 Radom
54%
29 006 Erywań
53%
90 053 Niżny Nowogród
53%
26 966 Płock
53%
119 476 Rostów nad Donem
53%
108 483 Kiszyniów
51%
20 882 Archangielsk
50%
49 275 Ufa
50%
20 404 Ługańsk
49%
51 473 Irkuck
48%
25 736 Nowogród
48%
75 721 Kursk
47%
22 648 Suwałki
46%
71 616 Jarosław
45%
43 239 Jekaterynburg
45%
30 478 Psków
45%
80 599 Woroneż
45%
59 076 Chersoń
44%
18 452 Chełm
42%
31 116 Mariupol
42%
137 147 Saratów
42%
114 733 Tuła
42%
112 880 Astrachań
41%
45 045 Częstochowa
41%
43 119 Mohylew
40%
27 564 Sumy
40%
155 673 Taszkent
40%
53 544 Twer
40%
65 895 Żytomierz
40%
24 781 Briańsk
39%
19 998 Czelabińsk
39%
92 012 Mikołajów
39%
26 093 Łomża
38%
24 418 Kalisz
37%
69 735 Orzeł
37%
31 182 Piotrków
37%
26 564 Biełgorod
35%
26 234 Siedlce
35%
49 078 Symferopol
35%
30 563 Winnica
35%
53 703 Połtawa
34%
24 573 Równe
34%
52 210 Tomsk
34%
28 479 Włodzimierz
34%
33 347 Kercz
32%
28 368 Pińsk
32%
46 122 Riazań
32%
22 907 Włocławek
32%
26 699 Krasnojarsk
31%
49 513 Kaługa
27%
26 765 Pabianice
27%
19 108 Zgierz
27%
64 489 Lipawa
26%
72 425 Orenburg
26%
55 186 Carycyn
25%
27 716 Czernihów
25%
20 524 Lipieck
25%
16 897 Noworosyjsk
24%
20 294 Połock
24%
35 934 Kamieniec Podolski
23%
16 599 Narwa
23%
64 572 Rewel
23%
28 508 Batumi
22%
41 590 Stawropol
22%
31 616 Tyraspol
22%
27 705 Wołogda
22%
59 981 Penza
21%
21 005 Tomaszów
21%
55 128 Samarkanda
20%
23 472 Wyborg
20%
15 910 Zduńska Wola
20%
17 697 Kowel
19%
48 015 Tambow
19%
43 740 Władykaukaz
19%
41 336 Kostroma
18%
19 426 Aszchabad
17%
34 336 Bobrujsk
16%
32 476 Kutaisi
15%
34 327 Majkop
14%
19 688 Pietropawłowsk
14%
51 437 Taganrog
14%
159 590 Tyflis
14%
26 496 Berdiańsk
13%
112 839 Jekaterynosław
13%
36 466 Uralsk
13%
53 351 Berdyczów
12%
69 675 Dźwińsk
12%
17 913 Eupatoria
12%
65 606 Jekaterynodar
12%
63 007 Krzemieńczuk
12%
41 684 Symbirsk
12%
20 277 Kołomna
11%
25 008 Wiatka
11%
21 073 Barnauł
10%
23 757 Będzin
10%
77 484 Helsingfors
10%
29 600 Tiumień
10%
34 964 Abo
9%
18 849 Aleksandrowsk
9%
23 363 Bałta
9%
22 295 Izmaił
9%
61 488 Jelizawietgrad
9%
16 264 Kamyszyn
9%
59 525 Kronsztad
9%
17 704 Krzemieniec
9%
51 963 Nowoczerkask
9%
30 571 Sierpuchow
9%
32 383 Syzrań
9%
24 096 Teodozja
9%
20 425 Tobolsk
9%
31 797 Bendery
8%
18 478 Bielce
8%
31 016 Humań
8%
62 017 Namangan
8%
25 290 Rybińsk
8%
21 265 Rżew
8%
21 398 Sarapuł
8%
19 316 Bachmut
7%
35 414 Jejsk
7%
46 956 Jelec
7%
20 805 Kars
7%
81 354 Kokand
7%
18 770 Konotop
7%
35 131 Mitawa
7%
16 904 Nowogród Wołyński
7%
34 157 Osz
7%
18 440 Piatigorsk
7%
28 258 Akerman
6%
47 627 Andiżan
6%
32 834 Błagowieszczeńsk
6%
22 309 Borisoglebsk
6%
22 480 Carskie Sioło
6%
18 398 Chocim
6%
30 109 Chodżent
6%
54 208 Iwanowo-Wozniesieńsk
6%
33 625 Jelizawetpol
6%
42 308 Juriew
6%
20 473 Kuźnieck
6%
36 490 Margelan
6%
28 427 Nachiczewan nad Donem
6%
32 113 Nieżyn
6%
26 246 Semipałatyńsk
6%
16 377 Starokonstantynów
6%
25 881 Susa
6%
19 583 Szuja
6%
26 713 Tammerfors
6%
27 058 Wolsk
6%
30 616 Aleksandropol
5%
40 297 Kozłow
5%
16 684 Anańjiw
4%
17 213 Bijsk
4%
20 062 Irbit
4%
22 315 Mohylów Podolski
4%
26 458 Morszansk
4%
23 399 Ochtyrka
4%
22 855 Płoskirów
4%
18 532 Pryłuki
4%
23 299 Troick
4%
20 502 Złatoust
4%
16 923 Zwinogródka
4%
16 479 Aleksandrowsk Gruszewski
3%
22 510 Romny
3%
17 776 Rosław
3%
24 734 Szeki
3%
20 621 Ura-Tiube
3%
22 744 Wiernyj
3%
16 612 Wysznij Wołoczok
3%
19 239 Jegorjewsk
2%
20 007 Szemacha
2%
21 446 Bołchow
1%
20 104 Czystopol
1%
20 448 Liwny
1%
20 983 Ostrogożsk
1%
17 958 Skwyra
1%
Nie znaleziono quizów pasujących do podanych kryteriów
Rozkład punktacji
Procent ludzi z każdym wynikiem
Percentyl według liczby udzielonych odpowiedzi
Twoja historia wyników
Nie rozwiązałeś tego quizu